000 nam a22 a 4500
999 _c333093
_d333093
003 BLK
005 20211109101118.0
008 190717b bu ||||| |||| 00| 0 bu d
020 _a9786197368277
040 _aBLK
041 _aBUL
_cBUL
080 _aБългарска литература
_b821.163.2
_x-8
_z821.163.2-8
100 1 _9273501
_aПавлова, Иванка Стаменова
_eпърви автор
139 _aПавлова, Иванка Стаменова
_bП 13
245 _aСветлини и сенки
260 _9213686
_aСофия
_bАртграф
_c2019
_n978-954-9401-
300 _a98 с.
_c20 см
380 _aX
852 _aЦб 295957
942 _cKNG
_n0
_s1
_01
944 _aCR
_c2019-07-17
_kТони Тончев
_l2019-07-17
999 _d333093
999 _d333093
999 _d333093